|
|
|
|
| LEADER |
02537nam a2200577 i 4500 |
| 001 |
nkc20223463495 |
| 003 |
CZ PrNK |
| 005 |
20221207170053.0 |
| 007 |
ta |
| 008 |
221011s2022 xr g 000 jacze |
| 015 |
|
|
|a cnb003463495
|
| 020 |
|
|
|a 978-80-264-4406-0
|q (brožováno) :
|c Kč 299,00
|
| 035 |
|
|
|a (OCoLC)1354196040
|
| 040 |
|
|
|a ABG001
|b cze
|e rda
|
| 043 |
|
|
|a e-xr---
|
| 045 |
|
|
|a x7y-
|
| 072 |
|
7 |
|a 821.162.3-3
|x Česká próza
|2 Konspekt
|9 25
|
| 072 |
|
7 |
|a 929
|x Biografie
|2 Konspekt
|9 8
|
| 080 |
|
|
|a 821.162.3-32
|2 MRF
|
| 080 |
|
|
|a 364.682.42-051
|2 MRF
|
| 080 |
|
|
|a 364.682.42
|2 MRF
|
| 080 |
|
|
|a 929
|2 MRF
|
| 080 |
|
|
|a (437.3)
|2 MRF
|
| 080 |
|
|
|a (0:82-322.6)
|2 MRF
|
| 100 |
1 |
|
|a Pohanka, Michal,
|d 1974-
|7 xx0026437
|4 aut
|
| 245 |
1 |
0 |
|a Deník bezdomovce /
|c Michal Pohanka
|
| 250 |
|
|
|a 1. vydání
|
| 264 |
|
1 |
|a V Brně :
|b CPress,
|c 2022
|
| 300 |
|
|
|a 134 stran ;
|c 21 cm
|
| 336 |
|
|
|a text
|b txt
|2 rdacontent
|
| 337 |
|
|
|a bez média
|b n
|2 rdamedia
|
| 338 |
|
|
|a svazek
|b nc
|2 rdacarrier
|
| 500 |
|
|
|a Obálkový podnázev: syrové i černohumorné příběhy ze života na ulici
|
| 520 |
2 |
|
|a Ve své knize krátkých příběhů autor sdílí, často s humornou nadsázkou, vlastní zkušenosti se životem na ulici.
|b Někdy si s vámi život zahraje velmi nepěknou hru. A když se k tomu přidá alkohol a hazard, je zaděláno na pořádný průšvih. Michal Pohanka ví, o čem píše. Ztratil rodinu, práci i důstojnost. Žije, spíše řečeno přežívá, na ulici, ve squatech a léčebnách. Stále bojuje se svými démony. Přesto všechno si i v těch nejtěžších chvílích udržuje určitý nadhled a rozhodně mu nechybí smysl pro humor. Nakladatelská anotace. Kráceno.
|
| 600 |
1 |
7 |
|a Pohanka, Michal,
|d 1974-
|7 xx0026437
|2 czenas
|
| 648 |
|
7 |
|a 20.-21. století
|7 ch462155
|2 czenas
|
| 650 |
0 |
7 |
|a bezdomovci
|7 ph118825
|z Česko
|y 20.-21. století
|2 czenas
|
| 650 |
0 |
7 |
|a bezdomovectví
|7 ph195455
|2 czenas
|
| 650 |
0 |
9 |
|a homeless persons
|z Czechia
|y 20th-21st centuries
|2 eczenas
|
| 650 |
0 |
9 |
|a homelessness
|2 eczenas
|
| 655 |
|
7 |
|a české příběhy
|7 fd133973
|2 czenas
|
| 655 |
|
7 |
|a autobiografické příběhy
|7 fd131891
|2 czenas
|
| 655 |
|
9 |
|a Czech stories
|2 eczenas
|
| 655 |
|
9 |
|a autobiographical stories
|2 eczenas
|
| 910 |
2 |
|
|a BOA001
|b 2-1496.303
|
| 920 |
|
|
|a 4672716
|z ABG001
|
| 928 |
9 |
|
|a Albatros Media - CPress
|
| 990 |
|
|
|a BK
|
| 995 |
|
|
|a 01
|
| 991 |
|
|
|b 202210
|c NOV
|
| 996 |
6 |
|
|b 2610919233
|c 2-1496.303
|l MZK
|r Sklad / do 1 hodiny
|n 2
|p p.v.
|w 001903420
|u 000010
|a 1
|e BOA001
|j MZK50
|s P
|